| 000 | 00903nam a22002057a 4500 | ||
|---|---|---|---|
| 005 | 20260512170620.0 | ||
| 010 | _aB-779404-415 BACEN26 | ||
| 020 |
_a9788119626403 _c695.00 |
||
| 035 | _aB-779404-415 | ||
| 037 | _bNiyogi Books | ||
| 082 | _aN | ||
| 100 | _aDeka, Harekrishna | ||
| 245 |
_aYatra An Unfinished Novel/ _cHarekrishna Deka [and] Translated By Navamalati Neog Chakraborty |
||
| 260 |
_aNew Delhi _bNiyogi Books _c2025 |
||
| 270 |
_aBlock D, Building No 77, Okhla Industrial Area, Phase-I _bNew Delhi _e110020 _k91-11-2681631 _mniyogibooks@gmail.com |
||
| 300 |
_a448p. _c22cm(pb) |
||
| 700 |
_aChakraborty, Navamalati Neog _eTranslator _987789 |
||
| 942 |
_2ddc _cEN _hN _mDEK |
||
| 999 |
_c214992 _d214992 |
||